Top 25 Countries By Total Yearly Homicides - Statistics

General Stats
  • This quiz has been taken 62 times
  • The average score is 21 of 25
Answer Stats
Homicides Last Year (war/armed conflict excluded) Answer Continent/Region % Correct
18,019 Homicides United States Americas
100%
29,675 Homicides Mexico Americas
98%
28,522 Homicides India Eurasia
96%
27,494 Homicides South Africa Africa
96%
10,322 Homicides D.R. Congo Africa
95%
44,200 Homicides Nigeria Africa
95%
9,866 Homicides Russia Eurasia
93%
47,052 Homicides Brazil Americas
91%
7,157 Homicides China Eurasia
91%
13,515 Homicides Colombia Americas
89%
6,973 Homicides Venezuela Americas
87%
4,789 Homicides Haiti Americas
84%
9,937 Homicides Pakistan Eurasia
84%
7,552 Homicides Ethiopia Africa
82%
3,035 Homicides Honduras Americas
82%
5,459 Homicides Iraq Eurasia
82%
3,830 Homicides Bangladesh Eurasia
80%
3,259 Homicides Iran Eurasia
80%
2,596 Homicides Sudan Africa
80%
2,944 Homicides Guatemala Americas
76%
2,643 Homicides Kenya Africa
75%
8,012 Homicides Ecuador Americas
71%
3,912 Homicides Uganda Africa
71%
4,764 Homicides Philippines Eurasia
55%
2,688 Homicides Ivory Coast Africa
47%
No matching quizzes found
Score Distribution
Percent of People with Each Score
Percentile by Number Answered
Your Score History
You have not taken this quiz